000 00439nam a2200145Ia 4500
008 231217s9999 xx 000 0 und d
041 _aEnglish
082 _a612.028 DIF;1 R
100 _aDifco Laboratory.
245 0 _aDifco manual of dehydrated culture media and reagents for microbiological and clinical laboratory procedures
250 _a8th ed.
260 _c1948
_bDifco Laboratory
_aMichigan
300 _a224
942 _cAA
999 _c198283
_d198283